Administrative law

Na minha lista:
Detalhes bibliográficos
Autor principal: Garner,J.F
Formato: Livro
Publicado em: Londo : Butterworths.; c 1985.
Edição:th ed.
Assuntos:
Tags: Adicionar Tag
Sem tags, seja o primeiro a adicionar uma tag!

MARC

LEADER 00000nam a2200000 4500
005 20251008082157.0
020 |a 040658799X  |c TZS.54,000/= 
040 |a MCCL  |b eng.  |e AACR 2nd rev.ed. 
082 |a 344.2026 GAR 
100 |a Garner,J.F 
245 |a Administrative law  |c / J.F.Garner and B.L. Jones 
250 |a th ed. 
260 |a Londo :  |b Butterworths.;  |c c 1985. 
300 |a xxxiii,456 p. :  |c 24 cm. 
504 |a Includes index. 
546 |a eng. 
650 |a Administrative law 
650 |a Local government 
650 |a Public corporations 
700 |a Garner,J.F 
942 |c BK 
999 |c 12294  |d 12294